<The> Russian Revolution

Uložené v:
Podrobná bibliografia
Hlavný autor: Pipes, Richard
Médium: Kniha
Jazyk:English
Vydavateľské údaje: New York Knopf 1991
Vydanie:2. ed.
Predmet:
Tagy: Pridať tag
Žiadne tagy, Buďte prvý, kto otaguje tento záznam!

MARC

LEADER 00000nam a2200000 4500
001 c010458
005 20221206114920.4
020 |a 0-394-50241-8 
041 0 |a eng 
044 |a US 
245 1 0 |a <The> Russian Revolution  |c Richard Pipes 
250 |a 2. ed. 
264 1 |a New York  |b Knopf  |c 1991 
300 |a 944 s. 
610 2 0 |a revolúcia socialistická 
610 2 0 |a história 
610 2 0 |a Rusko 
610 2 0 |a RSFSR 
610 2 0 |a 1917-1921 
100 1 |a Pipes, Richard